000 00226nam a2200097Ia 4500
005 20251222114359.0
008 251222s1900||||xx |||||||||||||| ||spa||
082 _aDVD0070/D75/2008/Ej.2
245 0 _aLa ola:Die Welle
942 _cDVD
999 _c1567
_d1567